Suite valenciana per a guitarra
Tallennettuna:
| Päätekijä: | |
|---|---|
| Aineistotyyppi: | Kirja |
| Kieli: | italia |
| Julkaistu: |
Ancona
Bérben Edizioni Musicali
1973
|
| Aiheet: | |
| Tagit: |
Lisää tagi
Ei tageja, Lisää ensimmäinen tagi!
|
MARC
| LEADER | 00000nam a2200000 a 4500 | ||
|---|---|---|---|
| 001 | UCI1319 | ||
| 003 | CL-VaPUC | ||
| 005 | 20220716074120.0 | ||
| 008 | 070629e19730000IT |||||||||||||||||ita|d | ||
| 999 | |c 326150 |d 326148 | ||
| 040 | |c Pontificia Universidad Católica de Valparaíso | ||
| 082 | 0 | 4 | |a Gt787.87 ASE 1973 |2 21 |
| 100 | 0 | |a Asencio, Vicente |e author |9 521759 | |
| 245 | 1 | 0 | |a Suite valenciana per a guitarra |
| 260 | |a Ancona |b Bérben Edizioni Musicali |c 1973 | ||
| 300 | |a 15 p | ||
| 583 | |a last modification |c 20070629 00:00:00 |k Rodrigo Vera | ||
| 650 | 0 | |a Música para guitarra |9 362109 | |
| 650 | 0 | |a Partituras |9 324008 | |
| 942 | |c BK |2 ddc | ||
| 945 | |d 20070629 00:00:00 |a rbrito | ||
| 952 | |0 0 |1 0 |2 ddc |4 0 |6 GT_787_870000000000000_ASE_1973 |7 0 |8 F |9 407893 |a BIBEDU |b BIBEDU |d 2019-11-22 |i 4294661 |o Gt787.87 ASE 1973 |p 4294661 |r 2023-11-22 |w 2019-11-22 |y BK_F |k MUS | ||